Grécko pred Španielskom

Bibliographic Details
Main Author: (š) (Author)
Format: Article
Language:Slovak
ISSN:0139-7001
Subjects:

MARC

LEADER 00000nab a2200000 a 4500
001 vtls000802803
003 SK-MaSNL
005 20260302151355.0
008 040806c2002 xo 0 slo
015 |a SNBRB2002/08-25144 
035 |a CLN000154458 
040 |a SNKBUCL  |b slo  |c SNKBUCL  |e AACR2 
041 0 |a slo 
044 |a xo  |c SK 
080 |a 796.323.093.1(4)  |2 UDC-MRF-SK2 
100 0 |a (š)  |4 aut  |9 492459 
245 1 0 |a Grécko pred Španielskom  |c [autor] (š) 
611 1 7 |a Majstrovstvá Európy basketbalistov do 20 rokov  |d (2002 :  |c Vilnius, Litva)  |2 snkbucl  |9 842820 
650 0 7 |a basketbal  |x muži  |2 snkbucl  |9 840658 
655 7 |a články z novín a časopisov  |2 snkbucl  |9 267496 
773 0 |x 0139-7001  |t Šport  |g Roč. 56, č. 181 (6.8.2002), s. 24 
850 |a Slovenská národná knižnica v Martine 
852 |a SNK  |b KIS3GCP 
999 |c 1359664  |d 1361594